000 01143nmb a2200277uu 4500
001 09043
003 HDC
007 cr cn|---aauu|
008 201211p200503 my ||||| |||| 00| 0 eng d
040 _aHDC
100 _aAhmadi Masnono,
_eauthor
_99467
245 0 _aFACTORS INFLUENCING THE MUSLIM CONSUMER'S LEVEL OF CONFIDENCE ON HALAL LOGO ISSUED BY JAKIM: AN EMPIRICAL STUDY /
_cAHMADI MASNONO
260 _aPulau Pinang :
_bUniversity Sains Malaysia,
_c2005
300 _a34 pages :
_bcolour illustrations
336 _atext
_2rdacontent
337 _acomputer
_2rdamedia
338 _aonline resource
_2rdacarrier
500 _aResearch report submitted in partial fulfillment of the requirement for the degree of Master of Business Administration, University Sains Malaysia
650 _aBusiness
_xReligious aspect
_xIslam
_99468
650 _aHalal product
_948
650 _aMuslim consumer
_9584
856 _zRequest full-text at [email protected]
942 _2ddc
942 _cEIJ
942 _kREPT 000023
999 _c6366
_d6366